Η σεξουαλικότητα στην Ευρώπη τον 20ό αιώνα : μια ιστορία

Αποθηκεύτηκε σε:
Λεπτομέρειες βιβλιογραφικής εγγραφής
Κύριος συγγραφέας: Herzog, Dagmar, 1961-
Άλλοι συγγραφείς: Αβδελά, Έφη (edtf), Μαρκέτου, Πελαγία (trlf)
Μορφή: Βιβλίο
Γλώσσα:Greek
English
Δημοσίευση: Αθήνα : Gutenberg, 2022.
Σειρά:Ιστορία του φύλου ; 3
Θέματα:
Ετικέτες: Προσθήκη ετικέτας
Δεν υπάρχουν, Καταχωρήστε ετικέτα πρώτοι!

MARC

LEADER 00000cam a2200000 a 4500
001 1/124850
008 220516s2022####gr | ||| |||| ||gre||
020 |a 9789600123081 
040 |a GR-MyUa  |b gre  |c GR-MyUa  |e AACR2 
041 1 |a gre  |h eng 
082 7 |a 306.7094   |2 (23) 
100 1 |a Herzog, Dagmar,   |d 1961- 
245 1 2 |a Η σεξουαλικότητα στην Ευρώπη τον 20ό αιώνα :   |b μια ιστορία /   |c Dagmar Herzog ; επιστημονική επιμέλεια, πρόλογος: Έφη Αβδελά ; μετάφραση: Πελαγία Μαρκέτου.  
260 |a Αθήνα :   |b Gutenberg,   |c 2022.  
300 |a 350 σ. ;   |c 24 εκ.  
490 1 |a (Ιστορία του φύλου / Gutenberg ;   |v  3) 
500 |a Τίτλος πρωτοτύπου: Sexuality in Europe : a twentieth-century history. 
504 |a Περιλαμβάνει βιβλιογραφικές παραπομπές και ευρετήριο. 
650 0 |a Sex  |z Europe  |x History  |y 20th century. 
700 1 |a Αβδελά, Έφη,  |e edtf 
700 1 |a Μαρκέτου, Πελαγία,  |e trlf 
830 0 |a Ιστορία του φύλου ;  |v  3 
852 |a INST  |b LESVOS  |c EUDOXUS  |e 20220516  |h 306.7094 HER  |p 005100064319  |q 005100064319  |t EDX  |y 0 
852 |a INST  |b RHODES  |c EUDOXUS  |e 20220516  |h 306.7094 HER  |p 005400042904  |q 005400042904  |t EDX  |y 0 
920 |a Εύδοξος  |b Παραγγελία  |y Ρόδος-ΠΤΔΕ  |z 2022-05 
920 |a Εύδοξος  |b Παραγγελία  |y Λέσβος-ΤΚΑΙ  |z 2022-05 
920 |a Εύδοξος  |b Παραγγελία  |y Σύρος-ΤΜΣΠΣ  |z 2022-05 
970 |a Δημάκη  |b Μαρία  |z 16-05-2022